Representing the Intelligible: Imagination, Memory and Intellect in Marsilio Ficino and Giulio Camillo (notice n° 1918790)
[ vue normale ]
| 000 -LEADER | |
|---|---|
| fixed length control field | 01033cam a2200157 4500500 |
| 005 - DATE AND TIME OF LATEST TRANSACTION | |
| control field | 20260329022249.0 |
| 041 ## - LANGUAGE CODE | |
| Language code of text/sound track or separate title | fre |
| 042 ## - AUTHENTICATION CODE | |
| Authentication code | dc |
| 100 10 - MAIN ENTRY--PERSONAL NAME | |
| Personal name | Tochon-Danguy, Baptiste |
| Relator term | author |
| 245 00 - TITLE STATEMENT | |
| Title | Representing the Intelligible: Imagination, Memory and Intellect in Marsilio Ficino and Giulio Camillo |
| 260 ## - PUBLICATION, DISTRIBUTION, ETC. | |
| Date of publication, distribution, etc. | 2026.<br/> |
| 500 ## - GENERAL NOTE | |
| General note | 5 |
| 520 ## - SUMMARY, ETC. | |
| Summary, etc. | To question the relationship between imagination, memory, and intellect in Renaissance philosophy, we focus on several claims defended by Marsilio Ficino and Giulio Camillo. Three figures in particular – the artist, the Platonic lover, and the geometer – provide opportunities to reflect on the role played by imagination and memory within the mind, conceived as an inner artist working on his own spiritual matter. |
| 786 0# - DATA SOURCE ENTRY | |
| Note | Revue philosophique de la France et de l’étranger | 151 | 1 | 2026-02-10 | p. 31-49 | 0035-3833 |
| 856 41 - ELECTRONIC LOCATION AND ACCESS | |
| Uniform Resource Identifier | <a href="https://shs.cairn.info/journal-revue-philosophique-de-la-france-et-de-letranger-2026-1-page-31?lang=en&redirect-ssocas=7080">https://shs.cairn.info/journal-revue-philosophique-de-la-france-et-de-letranger-2026-1-page-31?lang=en&redirect-ssocas=7080</a> |
Pas d'exemplaire disponible.




Réseaux sociaux